| 000 | 01675cem a2200361 4500 | ||
|---|---|---|---|
| 001 | 263900 | ||
| 005 | 20230201144136.0 | ||
| 007 | ad canzn | ||
| 008 | 931210s1994 nyu e eng | ||
| 010 | _a 93048325 | ||
| 020 |
_a0195210751 (hardback) : _c$19.95 |
||
| 020 | _a0195210778 (paperback) | ||
| 034 | 0 | _aa | |
| 040 |
_aDLC _cDLC _dDLC |
||
| 050 | 0 | 0 |
_aG1037 _b.G5 1994 |
| 082 | 0 | 0 |
_a912.4,GIL _220 |
| 100 | 1 |
_aGilbert, Martin, _d1936-2015. _9108420 |
|
| 240 | 1 | 0 | _aFirst World War atlas |
| 245 | 1 | 0 |
_aAtlas of World War I / _cMartin Gilbert ; introduction by the late Viscount Montgomery of Alamein. |
| 250 | _a2nd ed. | ||
| 255 | _aScales differ. | ||
| 260 |
_aNew York : _bOxford University Press, _c1994. |
||
| 300 |
_a1 atlas (xxxii, 164) : _bmaps ; _c26 cm. |
||
| 505 | _aSection 1: Prelude to War (Page-1-14), Section 2: 1914: The Eraly Months of War )Page-15-31), Section 3: 1915 (Page-52-63), Section 4: (Page-64-73), The War in the air (Page-74-87), The War at Sea (Page-88-109), Section 7: 1917 (Page-110-123), Section 8: 1918 (Page-124-143), Section 9: The World at War (Page-124-143), Section 10: Aftermath (Page-144-164). | ||
| 650 | 0 |
_aWorld War, 1914-1918 _xCampaigns _vMaps. _9108421 |
|
| 650 | 0 |
_aHistorical geography _vMaps. _9108422 |
|
| 740 | 0 | _aAtlas of World War One. | |
| 740 | 0 | _aAtlas of the First World War, the complete history. | |
| 856 | 4 | 2 |
_3Publisher description _uhttp://www.loc.gov/catdir/enhancements/fy0636/93048325-d.html |
| 856 | 4 | 2 |
_3Contributor biographical information _uhttp://www.loc.gov/catdir/enhancements/fy0723/93048325-b.html |
| 906 |
_a7 _bcbc _corignew _d1 _eocip _f19 _gy-geogmaps |
||
| 942 |
_2ddc _cBK |
||
| 999 |
_c593120 _d593120 |
||